|
|
|
|
| LEADER |
01114nam a22003132a 4500 |
| 001 |
001082861 |
| 003 |
CZ BrMZK |
| 005 |
20100118133422.0 |
| 007 |
ta |
| 008 |
100118s1956 xr a er|||||||||||cze d |
| 015 |
|
|
|a cnb000722982
|
| 035 |
|
|
|a (OCoLC)85453785
|
| 040 |
|
|
|a ABA001
|b cze
|c BOA001
|d ABA001
|
| 100 |
1 |
|
|a Pleskot, Václav,
|d 1907-1982
|7 jk01093415
|4 aut
|
| 245 |
1 |
0 |
|a Nomografie a grafický počet v technické praxi :
|b určeno pro posluchače fakulty strojní, elektrotechn., zeměměřické, les. a ekonomicko-inž. /
|c Václav Pleskot
|
| 250 |
|
|
|a Dotisk [1. vyd.]
|
| 260 |
|
|
|a Praha :
|b SNTL,
|c 1956
|
| 300 |
|
|
|a 295 s. ;
|c 4°
|
| 490 |
1 |
|
|a Učební texty vysokých škol
|
| 500 |
|
|
|a 1560 výt.
|
| 550 |
|
|
|a Vydavatel: České vysoké učení techn. v Praze
|
| 500 |
|
|
|a Pozn.
|
| 500 |
|
|
|a S il.
|
| 710 |
2 |
|
|a České vysoké učení technické v Praze
|7 kn20010710137
|
| 830 |
|
0 |
|a Učební texty vysokých škol
|
| 910 |
|
|
|a BOA001
|b TK-A-0064.032
|
| 990 |
|
|
|a BK
|
| 991 |
|
|
|b 201001
|
| 996 |
7 |
|
|b 2629949943
|c TK-A-0064.032
|l MZK
|r Sklad / do 24 hodin
|n 0
|w 001105297
|u 000010
|a 1
|e BOA001
|j MZK50
|s A
|